[Event "Titled Tuesday intern op 02nd Apr Early"]
[Site "Chess.com INT"]
[Date "2024.04.02"]
[Round "5"]
[White "Krstulovic, Alex"]
[Black "Rustemov, Alexander"]
[Result "1-0"]
[WhiteElo "2447"]
[BlackElo "2525"]
[PlyCount "79"]
[EventDate "2024.04.02"]
[EventType "swiss (blitz)"]
[EventRounds "11"]
[EventCountry "USA"]
[SourceTitle "CB15_2024"]
[SourceDate "2024.04.10"]
[SourceVersion "1"]
[SourceVersionDate "2024.04.10"]
[SourceQuality "1"]

1. d4 g6 2. c4 Bg7 3. Nf3 d6 4. Nc3 c5 5. d5 Bxc3+ 6. bxc3 f5 7. Qc2 Qa5 8. Rb1 Nd7 9. e4 fxe4 10. Ng5 Ngf6 11. Ne6 a6 12. Be2 Ne5 13. 0-0 Bxe6 14. dxe6 Qc7 15. Bh6 Rg8 16. Bg5 Qc6 17. f3 0-0-0 18. Bxf6 exf6 19. f4 Nd3 20. Bxd3 exd3 21. Qxd3 f5 22. Qd5 Rge8 23. a4 Re7 24. a5 Qxd5 25. cxd5 c4 26. Rb6 Rc7 27. Rfb1 h6 28. h4 h5 29. Kf2 Rc5 30. Rxb7 Rxd5 31. Rb8+ Kc7 32. R1b7+ Kc6 33. Rb6+ Kc7 34. R8b7+ Kc8 35. Rb8+ Kc7 36. R6b7+ Kc6 37. Rxd8 Kxb7 38. e7 Rd2+ 39. Kf1 Rd1+ 40. Ke2 1-0

[Event "Karlsruhe Grenke op"]
[Site "Karlsruhe"]
[Date "2024.03.30"]
[Round "5"]
[White "Malek, Daniel"]
[Black "Krstulovic, Alex"]
[Result "0-1"]
[WhiteElo "2278"]
[BlackElo "2431"]
[PlyCount "56"]
[EventDate "2024.03.28"]
[EventType "swiss"]
[EventRounds "9"]
[EventCountry "GER"]
[SourceTitle "CB14_2024"]
[SourceDate "2024.04.01"]
[SourceVersion "1"]
[SourceVersionDate "2024.04.01"]
[SourceQuality "1"]

1. e4 c6 2. d4 d5 3. exd5 cxd5 4. Bd3 Nc6 5. c3 Nf6 6. h3 g6 7. Nf3 Bf5 8. 0-0 e6 9. Re1 Qc7 10. Bf1 h5 11. Be3 Bd6 12. Nbd2 Ng4 13. hxg4 hxg4 14. g3 gxf3 15. Nxf3 f6 16. Bg2 0-0-0 17. Kf1 g5 18. Ke2 Nb4 19. b3 Nc2 20. Qd2 Nxa1 21. Rxa1 Be4 22. Rg1 Kb8 23. Ne1 Bxg2 24. Nxg2 Rc8 25. Kd3 Rh2 26. Ne1 Qa5 27. Qb2 e5 28. Kd2 Rxc3 0-1

[Event "Mitropa Cup"]
[Site "Apolda"]
[Date "2024.02.15"]
[Round "1.5"]
[White "Sahidi, Samir"]
[Black "Krstulovic, Alex"]
[Result "1-0"]
[WhiteElo "2479"]
[BlackElo "2414"]
[PlyCount "81"]
[EventDate "2024.02.15"]
[EventType "team-tourn"]
[EventRounds "9"]
[EventCountry "GER"]
[SourceTitle "CB09_2024"]
[SourceDate "2024.02.28"]
[SourceVersion "1"]
[SourceVersionDate "2024.02.28"]
[SourceQuality "1"]
[WhiteTeam "Slovakia"]
[BlackTeam "Hungary"]
[WhiteTeamCountry "SVK"]
[BlackTeamCountry "HUN"]

1. e4 c6 2. d4 d5 3. e5 c5 4. dxc5 e6 5. Nf3 Bxc5 6. Bd3 Ne7 7. 0-0 Ng6 8. a3 Qc7 9. Re1 Nd7 10. Qe2 Be7 11. g3 Nc5 12. h4 Nxd3 13. cxd3 h5 14. Nc3 Bd7 15. Bd2 Rc8 16. Rac1 Qb8 17. Nd4 Bc5 18. Ncb5 0-0 19. Qxh5 Bxb5 20. Nxb5 a6 21. d4 Bb6 22. Rxc8 Qxc8 23. Nd6 Qc2 24. Bc3 f6 25. exf6 Rxf6 26. Qe2 Qa4 27. Nxb7 e5 28. Qg4 exd4 29. h5 Qc6 30. Bxd4 Bxd4 31. Qxd4 Qxb7 32. hxg6 Rxg6 33. Re8+ Kh7 34. Re5 Rd6 35. Qd3+ Kg8 36. Re8+ Kf7 37. Qe2 d4 38. Qh5+ Rg6 39. Qh8 Rb6 40. Qf8+ Kg6 41. Re7 1-0

[Event "HUN-ch"]
[Site "Budapest"]
[Date "2023.12.13"]
[Round "2"]
[White "Gaal, Zsoka"]
[Black "Krstulovic, Alex"]
[Result "0-1"]
[WhiteElo "2325"]
[BlackElo "2429"]
[PlyCount "80"]
[EventDate "2023.12.12"]
[EventType "swiss"]
[EventRounds "9"]
[EventCountry "HUN"]
[SourceTitle "CB52_2023"]
[SourceDate "2023.12.27"]
[SourceVersion "1"]
[SourceVersionDate "2023.12.27"]
[SourceQuality "1"]

1. d4 Nf6 2. c4 c6 3. Nf3 d5 4. e3 Bg4 5. Qb3 Qb6 6. Ne5 Bf5 7. cxd5 Qxb3 8. axb3 Nxd5 9. Bd3 Bxd3 10. Nxd3 e6 11. Bd2 Na6 12. Nc3 Be7 13. Ke2 0-0 14. h4 Rfd8 15. Ne4 Nf6 16. Nxf6+ Bxf6 17. g4 Rd5 18. g5 Be7 19. b4 Nc7 20. f4 h5 21. gxh6 gxh6 22. h5 f6 23. Rag1+ Kh7 24. Rg6 Rxh5 25. Rhg1 Rh2+ 26. Nf2 Ne8 27. e4 Rd8 28. Be3 Bxb4 29. f5 exf5 30. exf5 Rd7 31. Kd3 Bf8 32. Ng4 Rh3 33. Nf2 Rh5 34. Rg8 Rf7 35. R8g2 Rxf5 36. Ne4 Rg7 37. Ng3 Rb5 38. Rh2 Rb3+ 39. Ke2 Rxb2+ 40. Bd2 Rg6 0-1

[Event "SRB-chT Premier"]
[Site "Bajina Basta"]
[Date "2023.09.25"]
[Round "8.5"]
[White "Krstulovic, Alex"]
[Black "Brenjo, Slavisa"]
[Result "1/2-1/2"]
[WhiteElo "2432"]
[BlackElo "2388"]
[PlyCount "45"]
[EventDate "2023.09.18"]
[EventType "team-tourn"]
[EventRounds "11"]
[EventCountry "SRB"]
[SourceTitle "EXT 2024"]
[Source "ChessBase"]
[SourceDate "2023.10.10"]
[SourceVersion "1"]
[SourceVersionDate "2023.10.10"]
[SourceQuality "1"]
[WhiteTeam "Subotica Spartak"]
[BlackTeam "Novi Sad SK"]
[WhiteTeamCountry "SRB"]
[BlackTeamCountry "SRB"]

1. d4 Nf6 2. c4 e6 3. Nc3 d5 4. cxd5 exd5 5. Bg5 c6 6. Qc2 Nbd7 7. e3 Be7 8. Bd3 0-0 9. h3 Re8 10. Nf3 Nf8 11. 0-0 Nh5 12. Bxe7 Qxe7 13. Rab1 Be6 14. b4 Rac8 15. Rfc1 g6 16. Ne2 Qf6 17. Ne5 Nd7 18. Nxd7 Bxd7 19. Qc5 b6 20. Qc2 Qg5 21. Kh2 Qe7 22. Qa4 c5 23. Bb5 1/2-1/2

[Event "Titled Tuesday intern op 05th Sep Early"]
[Site "Chess.com INT"]
[Date "2023.09.05"]
[Round "2"]
[White "Grigoriants, Sergey"]
[Black "Krstulovic, Alex"]
[Result "1/2-1/2"]
[WhiteElo "2562"]
[BlackElo "2432"]
[PlyCount "45"]
[EventDate "2023.09.05"]
[EventType "swiss (blitz)"]
[EventRounds "11"]
[EventCountry "USA"]
[SourceTitle "EXT 2024"]
[Source "ChessBase"]
[SourceDate "2023.10.10"]
[SourceVersion "1"]
[SourceVersionDate "2023.10.10"]
[SourceQuality "1"]

1. d4 d5 2. c4 c6 3. Nf3 Nf6 4. Nc3 dxc4 5. a4 Bf5 6. Ne5 Nbd7 7. Nxc4 Qc7 8. g3 e5 9. dxe5 Nxe5 10. Bf4 Nfd7 11. Bg2 f6 12. 0-0 g5 13. Nxe5 gxf4 14. Nxd7 Qxd7 15. Qxd7+ Kxd7 16. gxf4 Rg8 17. Kh1 Bb4 18. Be4 Ke6 19. Bf3 Rad8 20. Ne4 Rd4 21. Ng3 Rxf4 22. Nxf5 Kxf5 23. b3 1/2-1/2

[Event "HUN-ch Rapid"]
[Site "Ajka"]
[Date "2023.07.23"]
[Round "10"]
[White "Grigoriants, Sergey"]
[Black "Krstulovic, Alex"]
[Result "1-0"]
[WhiteElo "2562"]
[BlackElo "2435"]
[PlyCount "39"]
[EventDate "2023.07.21"]
[EventType "swiss (rapid)"]
[EventRounds "13"]
[EventCountry "HUN"]
[SourceTitle "CBM 215 Extra"]
[Source "ChessBase"]
[SourceDate "2023.09.30"]
[SourceVersion "1"]
[SourceVersionDate "2023.09.30"]
[SourceQuality "1"]

1. d4 Nf6 2. c4 g6 3. Nc3 d5 4. Bg5 Ne4 5. Bf4 Nxc3 6. bxc3 Bg7 7. e3 0-0 8. Nf3 c5 9. cxd5 Qxd5 10. Be2 Nc6 11. 0-0 Rd8 12. Qa4 b6 13. Ng5 Qd7 14. Bb5 Bb7 15. d5 Qxd5 16. Bc4 Qf5 17. Bxf7+ Kf8 18. Be6 Qd3 19. Bc4 Qxc3 20. Rac1 1-0

[Event "HUN-ch Rapid"]
[Site "Ajka"]
[Date "2023.07.21"]
[Round "3"]
[White "Krstulovic, Alex"]
[Black "Balog, Imre1111"]
[Result "1/2-1/2"]
[WhiteElo "2435"]
[BlackElo "2622"]
[PlyCount "130"]
[EventDate "2023.07.21"]
[EventType "swiss (rapid)"]
[EventRounds "13"]
[EventCountry "HUN"]
[SourceTitle "CBM 215 Extra"]
[Source "ChessBase"]
[SourceDate "2023.09.30"]
[SourceVersion "1"]
[SourceVersionDate "2023.09.30"]
[SourceQuality "1"]

1. d4 Nf6 2. Nf3 g6 3. c4 c5 4. d5 b5 5. cxb5 a6 6. bxa6 Bg7 7. Nc3 0-0 8. a7 Rxa7 9. e4 e6 10. Be2 exd5 11. exd5 d6 12. 0-0 Re7 13. h3 Bb7 14. Bf4 Ne4 15. Qc2 Nxc3 16. bxc3 Bxd5 17. Rad1 Be4 18. Qb2 Rd7 19. Bb5 Bxf3 20. gxf3 Qf6 21. Qd2 Rdd8 22. Bg5 Qxf3 23. Bxd8 Rxd8 24. Qg5 Bf6 25. Rd3 Bxg5 26. Rxf3 Nd7 27. Bxd7 Rxd7 28. a4 Ra7 29. Ra1 c4 30. Rd1 Be7 31. Rf4 Rxa4 32. Rdd4 Bg5 33. Rg4 Bf6 34. Rxc4 Ra3 35. Rc8+ Kg7 36. Rg3 Be5 37. Rf3 Ra7 38. Kg2 h5 39. c4 Bd4 40. Rd3 Bc5 41. Rd5 Ra2 42. Rdxc5 dxc5 43. Rxc5 Kf6 44. Rc7 Rc2 45. c5 Ke6 46. h4 Rc3 47. Kh2 f6 48. Rc8 Kf5 49. Kg2 Kg4 50. Rg8 Kf5 51. Rc8 Rc4 52. Kg3 Rg4+ 53. Kh3 Rg1 54. c6 Rc1 55. c7 Rc3+ 56. Kg2 Rc1 57. Kf3 Rc6 58. Kg3 Rc4 59. Kf3 Rc3+ 60. Kg2 Rc2 61. Kf3 Rc1 62. Kg3 Rc6 63. Kf3 Rc5 64. Kg3 Rc4 65. Kf3 Rc5 1/2-1/2

[Event "Titled Tuesday intern op 18th Jul Early"]
[Site "Chess.com INT"]
[Date "2023.07.18"]
[Round "2"]
[White "Krstulovic, Alex"]
[Black "Krzyzanowski, Marcin"]
[Result "1-0"]
[WhiteElo "2435"]
[BlackElo "2512"]
[PlyCount "73"]
[EventDate "2023.07.18"]
[EventType "swiss (blitz)"]
[EventRounds "11"]
[EventCountry "USA"]
[SourceTitle "EXT 2024"]
[Source "ChessBase"]
[SourceDate "2023.10.10"]
[SourceVersion "1"]
[SourceVersionDate "2023.10.10"]
[SourceQuality "1"]

1. Nf3 Nf6 2. d4 g6 3. c4 d6 4. Nc3 Bf5 5. Ng5 Bg7 6. f4 0-0 7. e4 Bg4 8. Be2 Bxe2 9. Qxe2 e5 10. fxe5 dxe5 11. dxe5 Ne8 12. e6 f6 13. Nd5 Nc6 14. Nf7 Qc8 15. Qg4 Nd6 16. Nxd6 cxd6 17. 0-0 Kh8 18. Be3 Ne5 19. Qh3 Re8 20. Nxf6 Bxf6 21. Rxf6 Qxc4 22. Raf1 Qxe4 23. e7 h5 24. Bg5 Kg7 25. Qe6 Qc4 26. Qxc4 Nxc4 27. Rf7+ Kg8 28. Bh6 Ne5 29. Rf8+ Kh7 30. Bg5 Kg7 31. Rxe8 Rxe8 32. Rf8 Rxf8 33. Bh6+ Kxh6 34. exf8Q+ Kg5 35. Qxd6 Kf5 36. Qb8 Ke4 37. Qxb7+ 1-0

[Event "Titled Tuesday intern op 18th Jul Early"]
[Site "Chess.com INT"]
[Date "2023.07.18"]
[Round "7"]
[White "Mahdavi, Reza"]
[Black "Krstulovic, Alex"]
[Result "0-1"]
[WhiteElo "2302"]
[BlackElo "2435"]
[PlyCount "64"]
[EventDate "2023.07.18"]
[EventType "swiss (blitz)"]
[EventRounds "11"]
[EventCountry "USA"]
[SourceTitle "EXT 2024"]
[Source "ChessBase"]
[SourceDate "2023.10.10"]
[SourceVersion "1"]
[SourceVersionDate "2023.10.10"]
[SourceQuality "1"]

1. e4 c5 2. Nf3 Qa5 3. Na3 a6 4. Nc4 Qc7 5. a4 e6 6. a5 Nc6 7. Nb6 Rb8 8. Be2 Nxa5 9. Nxc8 Rxc8 10. 0-0 Nc6 11. c3 Nf6 12. d3 Bd6 13. h3 h6 14. Re1 0-0 15. Bf1 Ne5 16. d4 Nxf3+ 17. Qxf3 Be7 18. e5 Nd5 19. Bd3 f5 20. exf6 Bxf6 21. Qe4 c4 22. Bc2 Kf7 23. Bd2 Qd6 24. Re2 Ke7 25. Rae1 Kd8 26. Qg4 Kc7 27. Be4 Kb8 28. Bf3 Ka7 29. Ra1 g5 30. Ra5 Bd8 31. Ra2 Bc7 32. g3 Nf6 0-1